000 00857nam a2200253Ia 4500
003 OSt
005 20220930193157.0
006 a|||||r|||| 00| 0
007 ta
008 220926b |||||||| |||| 00| 0 eng d
024 _a11177
037 _cDissertations
040 _aCRL
_cCRL
_beng
041 _2eng
_aeng
100 _aMalik Ravindra Nath
_9562035
110 _aUniversity of Delhi. Faculty of Medical Sciences. Department of Medicine
245 0 _aStudy of correlation
_b Clinical, electrocardiographic, BSR and biochemical findings in myocardial infarction
260 _c1966
650 _aMEDICINE
700 _a Dr H B Lal Supervisor
_9524269
700 _aUniversity of Delhi. Faculty of Medical Sciences. Department of Medicine
942 _cDIS
_2CC
999 _c896163
_d896163